| 000 | 01937cam a22005414i 4500 | ||
|---|---|---|---|
| 003 | PE-LiUPU | ||
| 005 | 20250731165645.0 | ||
| 008 | 150616s r 000 0 d | ||
| 020 | _a0849902266 | ||
| 035 | _a(Sirsi) i9780849902260 | ||
| 040 |
_aPE-LiUPU _bspa _cPE-LiUPU _erda |
||
| 049 | _aPRUA | ||
| 082 | 0 | 4 |
_a221.7 _bWBUL _221 |
| 100 | 1 |
_aKeown, Gerald L., _eautor. |
|
| 245 | 1 | 0 |
_aWord Biblical Commentary : _bJeremiah 26-52. _n27 / _cGerald L. Keown. |
| 264 | 1 |
_aDallas, Texas : _b1995. |
|
| 300 |
_a402 páginas ; _c24 centímetros |
||
| 336 |
_atext _2rdacontent |
||
| 337 |
_aunmediated _2rdamedia |
||
| 338 |
_avolume _2rdacarrier |
||
| 490 | 0 |
_aWord Biblical Commentary ; _v27 |
|
| 505 | 0 | _aThree prophets. one message.- True and false prophecy.- The book of Consolation.- Jeremiah and the rechabites.- A word for Baruch. | |
| 526 | _aSEG44 | ||
| 526 | _aSEG26 | ||
| 526 | _aP151 | ||
| 526 | _aP150 | ||
| 526 | _aP149 | ||
| 526 | _aP146 | ||
| 526 | _aP145 | ||
| 526 | _aP126 | ||
| 526 | _aP125 | ||
| 526 | _aP92 | ||
| 526 | _aP75 | ||
| 526 | _aP74 | ||
| 526 | _aP27 | ||
| 526 | _aP15 | ||
| 630 |
_aBiblia. _pA.T. _pJeremías 26-52 _xComentarios. |
||
| 650 | 0 | 4 | _a |
| 700 | 1 | _aScalise, Pamela J. | |
| 700 | 1 | _aSmothers, Thomas G. | |
| 910 |
_ajck _bjvq _cjck |
||
| 942 |
_2ddc _cBOOK |
||
| 949 |
_aRC 221.7 WBC 27 _wDEWEY _c1 _i41377 _d2016-6-21 _e2016-6-21 _lCCODEBUL1 _mBUL _n1 _r0 _sY _tBOOK _u2015-6-16 _xTEOLOGIA _zUNKNOWN _0COMPRA _o.CIRCNOTE. No olvidar cambiar la fecha de devolución!!!!!!! _o.STAFF. Colección General |
||
| 994 |
_aC0 _bPEPRU |
||
| 596 | _a1 | ||
| 999 |
_aRC 221.7 WBC 27 _wDEWEY _c59144 _i41377 _d59144 _e2016-6-21 _f2021-11-8 _g6 _lCCODEBUL1 _mBUL _n1 _q2 _r1 _sY _tBOOK _u2015-6-16 _xTEOLOGIA _zUNKNOWN _0COMPRA _o.CIRCNOTE. No olvidar cambiar la fecha de devolución!!!!!!! _o.STAFF. Colección General |
||
| 980 |
_81 _gALBERTO SANCHEZ Responsable de Automatización |
||